<?xml version="1.0" encoding="UTF-8"?>
<collection xmlns="http://www.loc.gov/MARC21/slim">
<record>
  <controlfield tag="001">228261</controlfield>
  <controlfield tag="005">20230317222744.0</controlfield>
  <datafield tag="909" ind1="C" ind2="O">
    <subfield code="o">oai:repository.gsi.de:228261</subfield>
    <subfield code="p">openaire</subfield>
    <subfield code="p">open_access</subfield>
    <subfield code="p">VDB</subfield>
    <subfield code="p">driver</subfield>
    <subfield code="p">dnbdelivery</subfield>
  </datafield>
  <datafield tag="913" ind1="1" ind2=" ">
    <subfield code="0">G:(DE-HGF)POF3-612</subfield>
    <subfield code="1">G:(DE-HGF)POF3-610</subfield>
    <subfield code="2">G:(DE-HGF)POF3-600</subfield>
    <subfield code="a">DE-HGF</subfield>
    <subfield code="b">Forschungsbereich Materie</subfield>
    <subfield code="l">Materie und Universum</subfield>
    <subfield code="v">Cosmic Matter in the Laboratory</subfield>
    <subfield code="x">0</subfield>
    <subfield code="4">G:(DE-HGF)POF</subfield>
    <subfield code="3">G:(DE-HGF)POF3</subfield>
  </datafield>
  <datafield tag="913" ind1="2" ind2=" ">
    <subfield code="a">DE-HGF</subfield>
    <subfield code="b">Forschungsbereich Materie</subfield>
    <subfield code="l">Matter and the Universe</subfield>
    <subfield code="1">G:(DE-HGF)POF4-610</subfield>
    <subfield code="0">G:(DE-HGF)POF4-612</subfield>
    <subfield code="3">G:(DE-HGF)POF4</subfield>
    <subfield code="2">G:(DE-HGF)POF4-600</subfield>
    <subfield code="4">G:(DE-HGF)POF</subfield>
    <subfield code="v">Cosmic Matter in the Laboratory</subfield>
    <subfield code="x">0</subfield>
  </datafield>
  <datafield tag="088" ind1=" " ind2=" ">
    <subfield code="2">GSI</subfield>
    <subfield code="a">GSI short reports 2020-7</subfield>
  </datafield>
  <datafield tag="088" ind1=" " ind2=" ">
    <subfield code="2">GSI</subfield>
    <subfield code="a">GSI FUE Programs</subfield>
  </datafield>
  <datafield tag="088" ind1=" " ind2=" ">
    <subfield code="2">GSI</subfield>
    <subfield code="a">GSI short reports</subfield>
  </datafield>
  <datafield tag="088" ind1="1" ind2=" ">
    <subfield code="a">GSI short reports 2020-7</subfield>
  </datafield>
  <datafield tag="088" ind1="1" ind2=" ">
    <subfield code="a">GSI FUE Programs</subfield>
  </datafield>
  <datafield tag="088" ind1="1" ind2=" ">
    <subfield code="a">GSI short reports</subfield>
  </datafield>
  <datafield tag="024" ind1="7" ind2=" ">
    <subfield code="2">datacite_doi</subfield>
    <subfield code="a">10.15120/GSI-2020-00953</subfield>
  </datafield>
  <datafield tag="300" ind1=" " ind2=" ">
    <subfield code="a">2 p.</subfield>
  </datafield>
  <datafield tag="980" ind1="1" ind2=" ">
    <subfield code="a">FullTexts</subfield>
  </datafield>
  <datafield tag="980" ind1=" " ind2=" ">
    <subfield code="a">report</subfield>
  </datafield>
  <datafield tag="980" ind1=" " ind2=" ">
    <subfield code="a">VDB</subfield>
  </datafield>
  <datafield tag="980" ind1=" " ind2=" ">
    <subfield code="a">UNRESTRICTED</subfield>
  </datafield>
  <datafield tag="980" ind1=" " ind2=" ">
    <subfield code="a">book</subfield>
  </datafield>
  <datafield tag="980" ind1=" " ind2=" ">
    <subfield code="a">I:(DE-Ds200)GRO-20170717OR017</subfield>
  </datafield>
  <datafield tag="980" ind1="1" ind2=" ">
    <subfield code="a">GSIasPublisher</subfield>
  </datafield>
  <datafield tag="336" ind1="7" ind2=" ">
    <subfield code="2">DRIVER</subfield>
    <subfield code="a">report</subfield>
  </datafield>
  <datafield tag="336" ind1="7" ind2=" ">
    <subfield code="2">ORCID</subfield>
    <subfield code="a">REPORT</subfield>
  </datafield>
  <datafield tag="336" ind1="7" ind2=" ">
    <subfield code="0">10</subfield>
    <subfield code="2">EndNote</subfield>
    <subfield code="a">Report</subfield>
  </datafield>
  <datafield tag="336" ind1="7" ind2=" ">
    <subfield code="0">PUB:(DE-HGF)3</subfield>
    <subfield code="2">PUB:(DE-HGF)</subfield>
    <subfield code="a">Book</subfield>
    <subfield code="m">book</subfield>
  </datafield>
  <datafield tag="336" ind1="7" ind2=" ">
    <subfield code="2">DataCite</subfield>
    <subfield code="a">Output Types/Report</subfield>
  </datafield>
  <datafield tag="336" ind1="7" ind2=" ">
    <subfield code="0">PUB:(DE-HGF)29</subfield>
    <subfield code="2">PUB:(DE-HGF)</subfield>
    <subfield code="a">Report</subfield>
    <subfield code="b">report</subfield>
    <subfield code="m">report</subfield>
    <subfield code="s">1595418005_16536</subfield>
  </datafield>
  <datafield tag="336" ind1="7" ind2=" ">
    <subfield code="2">BibTeX</subfield>
    <subfield code="a">TECHREPORT</subfield>
  </datafield>
  <datafield tag="700" ind1="1" ind2=" ">
    <subfield code="0">P:(DE-HGF)0</subfield>
    <subfield code="a">Friese, J.</subfield>
    <subfield code="b">1</subfield>
  </datafield>
  <datafield tag="700" ind1="1" ind2=" ">
    <subfield code="0">P:(DE-HGF)0</subfield>
    <subfield code="a">Gernhäuser, R.</subfield>
    <subfield code="b">2</subfield>
  </datafield>
  <datafield tag="856" ind1="4" ind2=" ">
    <subfield code="u">http://repository.gsi.de/record/228261/files/GSI-short-reports-2020-7.pdf</subfield>
    <subfield code="y">OpenAccess</subfield>
  </datafield>
  <datafield tag="856" ind1="4" ind2=" ">
    <subfield code="u">http://repository.gsi.de/record/228261/files/GSI-short-reports-2020-7.gif?subformat=icon</subfield>
    <subfield code="x">icon</subfield>
    <subfield code="y">OpenAccess</subfield>
  </datafield>
  <datafield tag="856" ind1="4" ind2=" ">
    <subfield code="u">http://repository.gsi.de/record/228261/files/GSI-short-reports-2020-7.jpg?subformat=icon-1440</subfield>
    <subfield code="x">icon-1440</subfield>
    <subfield code="y">OpenAccess</subfield>
  </datafield>
  <datafield tag="856" ind1="4" ind2=" ">
    <subfield code="u">http://repository.gsi.de/record/228261/files/GSI-short-reports-2020-7.jpg?subformat=icon-180</subfield>
    <subfield code="x">icon-180</subfield>
    <subfield code="y">OpenAccess</subfield>
  </datafield>
  <datafield tag="856" ind1="4" ind2=" ">
    <subfield code="u">http://repository.gsi.de/record/228261/files/GSI-short-reports-2020-7.jpg?subformat=icon-640</subfield>
    <subfield code="x">icon-640</subfield>
    <subfield code="y">OpenAccess</subfield>
  </datafield>
  <datafield tag="245" ind1=" " ind2=" ">
    <subfield code="a">Progress Report on Developments for the HADES and R3B Fair Phase-0 Experiments</subfield>
  </datafield>
  <datafield tag="260" ind1=" " ind2=" ">
    <subfield code="a">Darmstadt</subfield>
    <subfield code="b">GSI Helmholtzzentrum für Schwerionenforschung GmbH</subfield>
    <subfield code="c">2020</subfield>
  </datafield>
  <datafield tag="041" ind1=" " ind2=" ">
    <subfield code="a">English</subfield>
  </datafield>
  <datafield tag="915" ind1=" " ind2=" ">
    <subfield code="0">StatID:(DE-HGF)0510</subfield>
    <subfield code="2">StatID</subfield>
    <subfield code="a">OpenAccess</subfield>
  </datafield>
  <datafield tag="915" ind1=" " ind2=" ">
    <subfield code="0">LIC:(DE-HGF)CCBY4</subfield>
    <subfield code="2">HGFVOC</subfield>
    <subfield code="a">Creative Commons Attribution CC BY 4.0</subfield>
  </datafield>
  <datafield tag="920" ind1="1" ind2=" ">
    <subfield code="0">I:(DE-Ds200)GRO-20170717OR017</subfield>
    <subfield code="k">GRO</subfield>
    <subfield code="l">Drittmittelberatung</subfield>
    <subfield code="x">0</subfield>
  </datafield>
  <datafield tag="100" ind1="1" ind2=" ">
    <subfield code="0">P:(DE-HGF)0</subfield>
    <subfield code="a">Fabbietti, L.</subfield>
    <subfield code="b">0</subfield>
  </datafield>
  <datafield tag="490" ind1="0" ind2=" ">
    <subfield code="a">GSI short reports</subfield>
    <subfield code="v">2020-7</subfield>
  </datafield>
  <datafield tag="536" ind1=" " ind2=" ">
    <subfield code="0">G:(DE-HGF)POF3-612</subfield>
    <subfield code="a">612 - Cosmic Matter in the Laboratory (POF3-612)</subfield>
    <subfield code="c">POF3-612</subfield>
    <subfield code="f">POF III</subfield>
    <subfield code="x">0</subfield>
  </datafield>
  <datafield tag="536" ind1=" " ind2=" ">
    <subfield code="0">G:(Ds200)GSI-FAIR-Phase-0</subfield>
    <subfield code="x">1</subfield>
    <subfield code="c">GSI-FAIR-Phase-0</subfield>
    <subfield code="a">FAIR Phase-0 - FAIR Phase-0 Research Program (GSI-FAIR-Phase-0)</subfield>
  </datafield>
  <datafield tag="536" ind1=" " ind2=" ">
    <subfield code="0">G:(DE-Ds200)GSI-FuE:TMLFRG1416</subfield>
    <subfield code="a">GSI-FuE:TMLFRG1416 - HADES / NuSTAR (GSI-FuE:TMLFRG1416)</subfield>
    <subfield code="c">GSI-FuE:TMLFRG1416</subfield>
    <subfield code="x">2</subfield>
  </datafield>
  <datafield tag="037" ind1=" " ind2=" ">
    <subfield code="a">GSI-2020-00953</subfield>
  </datafield>
  <datafield tag="914" ind1="1" ind2=" ">
    <subfield code="y">2020</subfield>
  </datafield>
</record>
</collection>